| 000 | 01201nji a22003017a 4500 | ||
|---|---|---|---|
| 005 | 20100903161258.0 | ||
| 006 | a|||||r|||||00| 0 | ||
| 007 | sd ammalaaahaa | ||
| 008 | 100830t xxu||||| |||| 00| 0 eng d | ||
| 028 |
_aBOE 2682 _bODEON |
||
| 035 | _aGR-02169 | ||
| 040 |
_aSED _cSED |
||
| 100 |
_917455 _aKishor Kumar |
||
| 245 |
_aParichy / _cby Kishore Kumar; Music by Rahul Deb Burman; Lyric by Gulzar _h[sound recording] : |
||
| 246 | _aपरिचय / किशोरे कुमार द्वारा | ||
| 260 |
_aDum Dum, India _bODEON |
||
| 300 |
_a1 sound disc [Gramophone Recording]: _banalog, 45 rpm _c7.5 in. (SP) _fGramophone Record |
||
| 500 | _aBrief Record | ||
| 500 | _aRecord lables : Angel Records,Black | ||
| 505 | _aSide 1 मुसाफिर हूँ यारों (Musafir hoon yaron) Side 2 बीती न बिताई रैना (Biti na bitai raina) | ||
| 600 |
_aKishore Kumar _919637 |
||
| 650 |
_aFilm Music _zIndia _91186 _xExcerpts |
||
| 700 |
_917416 _aBarman, Rahul Dev |
||
| 700 |
_917456 _aGulzar |
||
| 700 | _919696 | ||
| 942 |
_2ddc _cGR |
||
| 999 |
_c45377 _d45377 |
||